Safety catch (Record no. 79923)

MARC details
000 -LEADER
fixed length control field 01176cab a22002055a 4500
001 - CONTROL NUMBER
control field L142728
008 - FIXED-LENGTH DATA ELEMENTS--GENERAL INFORMATION
fixed length control field 080304e20080229xxk f 000 0 eng d
035 ## - SYSTEM CONTROL NUMBER
System control number (Sirsi) u142728
041 0# - LANGUAGE CODE
Language code of text/sound track or separate title eng
100 1# - MAIN ENTRY--PERSONAL NAME
Personal name Belsten, Nick
245 00 - TITLE STATEMENT
Title Safety catch
260 ## - PUBLICATION, DISTRIBUTION, ETC.
Date of publication, distribution, etc. 2008
490 ## - SERIES STATEMENT
Series statement Planning (for the Natural and Built Environment)
Volume/sequential designation (1758) 29 February 2008, 16-17(2)
520 ## - SUMMARY, ETC.
Summary, etc. Reports on obstacles which are being encountered in the drive toward residential development on brownfield land. Describes the operation of the hazard assessment model. Planners are seen as being overly cautious in respect of potential hazards such as gas holders. This stance has arisen in reaction to the Buncefield oil depot explosion. However, the materials and technology involved in gas holders are significantly different to the circumstances at Buncefield. The usefulness of the Health and Safety Executive's method of providing advice to planning authorities is called into question.
590 ## - LOCAL NOTE (RLIN)
Local note KA
651 #4 - SUBJECT ADDED ENTRY--GEOGRAPHIC NAME
Geographic name United Kingdom
Chronological subdivision
690 ## - LOCAL SUBJECT ADDED ENTRY--TOPICAL TERM (OCLC, RLIN)
Topical term or geographic name as entry element PROPERTY-PROPERTY MANAGEMENT-REGENERATION
690 ## - LOCAL SUBJECT ADDED ENTRY--TOPICAL TERM (OCLC, RLIN)
Topical term or geographic name as entry element PROPERTY-RESIDENTIAL PROPERTY-RESIDENTIAL PROPERTY DEVELOPMENT
942 ## - ADDED ENTRY ELEMENTS (KOHA)
Suppress in OPAC 0
Holdings
Withdrawn status Lost status Source of classification or shelving scheme Damaged status Not for loan Home library Current library Shelving location Date acquired Total Checkouts Full call number Barcode Date last seen Copy number Price effective from Koha item type
    Dewey Decimal Classification     London London Journal article 04/03/2008   L142728 142728-1001 06/08/2019 1 06/08/2019 Journal article